| 000 | 00661nam a22001937a 4500 | ||
|---|---|---|---|
| 999 |
_c7228 _d7228 |
||
| 003 | AR-CdUCM | ||
| 008 | 190320b ||||| |||| 00| 0 spa d | ||
| 040 |
_aMUNICIPALIDAD PROVINCIAL DEL CUSCO _cBIBLIOTECA MUNICIPAL DEL CUSCO |
||
| 082 |
_a982.042 / _bP93 |
||
| 100 |
_aPuiggros, Rodolfo _97169 |
||
| 245 | _aRosas el pequeño / | ||
| 260 |
_aMontevideo : _bPueblos Unidos, _c1944. |
||
| 300 |
_a382 páginas ; _c20 cm. |
||
| 505 | _aContenido: El camino del poder -- Rosas en el gobierno -- Rosas y el comercio extranjero -- Caseros. | ||
| 650 |
_aHistoria de Argentina _920373 |
||
| 650 |
_aGobierno de Rosas _920374 |
||
| 942 |
_2ddc _cLIBROS |
||
| 945 | _aafb | ||